THE SILVER BOX: A Comedy in Three Acts (Record no. 1413)
[ view plain ]
| 000 -LEADER | |
|---|---|
| fixed length control field | 00659nam a2200205Ii 4500 |
| 003 - CONTROL NUMBER IDENTIFIER | |
| control field | JO-AjNU |
| 008 - FIXED-LENGTH DATA ELEMENTS--GENERAL INFORMATION | |
| fixed length control field | 230606s9999||||xx |||||||||||||| ||und|| |
| 020 ## - INTERNATIONAL STANDARD BOOK NUMBER | |
| International Standard Book Number | 0-7156-1227-1(cased) , 0-7156-1228-X(paper) |
| 040 ## - CATALOGING SOURCE | |
| Original cataloging agency | JO-AjNU |
| Language of cataloging | eng |
| Description conventions | rda |
| Transcribing agency | JO-AjNU |
| 041 ## - LANGUAGE CODE | |
| Language code of text/sound track or separate title | eng |
| 050 14 - LIBRARY OF CONGRESS CALL NUMBER | |
| Classification number | PR6013.G34 1995 |
| 100 3# - MAIN ENTRY--PERSONAL NAME | |
| Personal name | GALSWORTHY, JOHN With school and acting notes by JOHN HAMPDEN, M.A, |
| Relator term | author |
| 9 (RLIN) | 2699 |
| 245 04 - TITLE STATEMENT | |
| Title | THE SILVER BOX: A Comedy in Three Acts |
| 250 ## - EDITION STATEMENT | |
| Edition statement | 1 ed |
| 264 31 - PRODUCTION, PUBLICATION, DISTRIBUTION, MANUFACTURE, AND COPYRIGHT NOTICE | |
| Place of production, publication, distribution, manufacture | London: Gerald Duckworth andCo.Ltd, 1995 |
| 300 ## - PHYSICAL DESCRIPTION | |
| Extent | 76P |
| 336 ## - CONTENT TYPE | |
| Content type term | text |
| Content type code | txt |
| Source | rdacontent |
| 337 ## - MEDIA TYPE | |
| Media type term | unmediated |
| Media type code | n |
| Source | rdamedia |
| 338 ## - CARRIER TYPE | |
| Carrier type term | volume |
| Carrier type code | nc |
| Source | rdacarrier |
| Withdrawn status | Lost status | Source of classification or shelving scheme | Damaged status | Not for loan | Home library | Current library | Shelving location | Date acquired | Total Checkouts | Full call number | Barcode | Date last seen | Price effective from | Koha item type |
|---|---|---|---|---|---|---|---|---|---|---|---|---|---|---|
| Library of Congress Classification | مكتبة جامعة عجلون الوطنية | مكتبة جامعة عجلون الوطنية | المجموعات العامة | 06/06/2023 | PR6013.G34 1995 | E1413 | 06/06/2023 | 06/06/2023 | Books |